Gold-silver Ratio and Its Utilisation in Long Term Silver Investing

Historický pohľad na vývoj cien zlata a striebra (1970-2015). Investičná stratégia.

Salvato in:
Dettagli Bibliografici
Autore principale: Árendáš, Peter, 1986-
Natura: Capitolo di libro
Lingua:inglese
Soggetti:
Tags: Aggiungi Tag
Nessun Tag, puoi essere il primo ad aggiungerne!!

MARC

LEADER 00000naa a2200000 4500
001 0224126
005 20240502083557.7
041 0 |a eng 
044 |a IT 
245 1 0 |a Gold-silver Ratio and Its Utilisation in Long Term Silver Investing  |c Peter Árendáš 
520 |a Historický pohľad na vývoj cien zlata a striebra (1970-2015). Investičná stratégia. 
610 2 0 |a zlato 
610 2 0 |a striebro 
610 2 0 |a stratégia investičná 
100 1 |a Árendáš, Peter, 1986-